000 00586nam a2200205 a 4500
001 000024650
003 OSt
005 20240229073954.0
008 110202s1997 dr a 000 0 spa d
020 _a8489548242
040 _aDO-SdBNP
_bspa
_cBNPHU
082 _axxx
_bV422f
100 1 _aVega, Bernardo,
_d1938 -
_93222
245 1 4 _aLas frutas de los taínos /
_cBernardo Vega.
260 _aSanto Domingo :
_bFundación Cultural Dominicana,
_c1997.
300 _a226 p. :
_bil. ;
_c31 cm.
500 _alibro de pasta dura.
590 _aInventariado, 2020/ YL
942 _2ddc
_cLBS1
999 _c24143
_d24143